3D Shapes - Statistics

General Stats
  • This quiz has been taken 68 times
  • The average score is 8 of 16
Answer Stats
Picture Answer % Correct
Hexahedron
94%
Pyramid
89%
Cone
79%
Sphere
79%
Cylinder
77%
Triangular Prism
57%
Dodecahedron
43%
Hemisphere
38%
Tetrahedron
38%
Cuboid
36%
Hexagonal Prism
36%
Torus
34%
Octahedron
32%
Ellipsoid
15%
Rhombohedra
6%
Tetragonal Prism
6%
No matching quizzes found
Score Distribution
Percent of People with Each Score
Percentile by Number Answered
Your Score History
You have not taken this quiz